000 00911nam a22002297a 4500
005 20100407145121.0
008 100407t xxu||||| |||| 00| 0 eng d
010 _aENG-95993
020 _a9788131726846
_c199.00
035 _aEN-79526
037 _bDBAD/VEN
040 _adpl
_bEnglish
082 _a910
100 _aManocha, S. K.
245 _aGeography :
_cby S. K. Manocha
_bworkbook 1: For UPSC, PCS, NET and other examinations/
260 _aDelhi
_bDorling Kindersley (India) Pvt. Ltd. Licensees of Pearson Education
_c2009
270 _a14, Local Shopping Centre, Panchsheel Park
_bDelhi
_e110017
300 _a253p. :
_c26 cm. (pbk)
942 _adpl
_cEN
_2ddc
_mMAN
_h910
999 _c35138
_d35138